Countries by Borders in 60 Seconds - Statistics

General Stats
  • This quiz has been taken 3,905 times
  • The average score is 116 of 157
Answers on the Map
Answers color-coded by a green-red scale on the quiz's map according to % correct below.
 
Answer Stats
Country % Correct
France
98%
Russia
98%
Brazil
97%
China
97%
United States
97%
Canada
96%
Kazakhstan
96%
Mexico
96%
Mongolia
96%
North Korea
96%
Poland
96%
Argentina
95%
Bolivia
95%
India
95%
Pakistan
95%
Peru
95%
Suriname
95%
Bhutan
94%
Burma
94%
Colombia
94%
Finland
94%
Nepal
94%
Norway
94%
Ukraine
94%
Azerbaijan
93%
Belarus
93%
Paraguay
93%
Germany
92%
Libya
92%
Venezuela
92%
Central African Republic
91%
Sudan
91%
Switzerland
91%
Uruguay
91%
Guyana
90%
Lithuania
90%
Niger
90%
Spain
90%
Afghanistan
89%
Algeria
89%
South Sudan
89%
D. R. Congo
88%
Iraq
88%
Chad
87%
Estonia
87%
Georgia
87%
Latvia
87%
Tanzania
87%
Zambia
87%
Rep. of the Congo
86%
Saudi Arabia
86%
Angola
85%
Austria
85%
Turkey
85%
Uganda
85%
Belgium
83%
Iran
83%
Italy
83%
Laos
83%
Mauritania
83%
Namibia
83%
Netherlands
83%
Oman
83%
Botswana
82%
Burundi
82%
Cameroon
82%
Luxembourg
82%
Mali
82%
Rwanda
82%
South Africa
82%
United Arab Emirates
82%
United Kingdom
82%
Zimbabwe
82%
Morocco
81%
Yemen
81%
Burkina Faso
80%
Jordan
80%
Vietnam
80%
Mozambique
79%
Armenia
78%
Czech Republic
78%
Ethiopia
78%
Denmark
77%
Egypt
77%
Kuwait
77%
Nigeria
77%
Kyrgyzstan
76%
Qatar
76%
Bulgaria
75%
Lesotho
75%
Swaziland
75%
Tajikistan
75%
Hungary
74%
Kenya
73%
Turkmenistan
73%
Chile
72%
Slovenia
72%
Andorra
71%
Côte d'Ivoire
71%
Malaysia
71%
Romania
71%
Serbia
71%
Somalia
70%
Guinea
69%
Indonesia
69%
Ireland
66%
Senegal
66%
Bangladesh
65%
Gabon
65%
Papua New Guinea
65%
Portugal
65%
Benin
64%
Sri Lanka
64%
Sweden
64%
Djibouti
63%
Guatemala
63%
Macedonia
63%
East Timor
62%
Eritrea
62%
Greece
62%
Costa Rica
61%
Thailand
60%
Croatia
59%
Honduras
58%
Montenegro
57%
Panama
57%
San Marino
57%
Tunisia
57%
Vatican City
57%
Cambodia
56%
Ecuador
56%
Nicaragua
56%
Israel
55%
Syria
55%
Bosnia and Herzegovina
54%
Ghana
52%
Belize
51%
Slovakia
51%
Togo
51%
El Salvador
49%
Kosovo
48%
Albania
47%
Moldova
46%
Uzbekistan
42%
Liberia
40%
Monaco
40%
Dominican Republic
37%
Haiti
37%
Sierra Leone
35%
Guinea-Bissau
31%
Malawi
30%
Lebanon
26%
South Korea
24%
Gambia
23%
Equatorial Guinea
22%
Liechtenstein
22%
Brunei
21%
No matching quizzes found
Score Distribution
Percent of People with Each Score
Percentile by Number Answered
Your Score History
You have not taken this quiz